Gravity Falls Trivia #3 - Statistics

General Stats
  • This quiz has been taken 188 times
  • The average score is 7 of 15
Answer Stats
Question Answer % Correct
What is Waddles? A pig
95%
In his memory, who does Stan tell that he really cares for Dipper? Soos
82%
Who created the Gobblewonker? Fiddleford H. McGucket
75%
Who is Wendy's dad? Manly Dan
74%
What is Gideon's last name? Gleeful
68%
Who cut off Wax Stan's head? Wax Sherlock Holmes
67%
What revealed secret messages in the Journals? Black Light
65%
What happens to Tambry in the conveniece store? Trapped in a TV
38%
What is the above^'s middle name? Hadron
32%
What is Pacifica's dad's name? Preston Northwest
32%
What can trap ghosts? Silver Mirrors
32%
What does Stan's license plate say? STNLYMBL
21%
What is the bus company in Gravity Falls? Speedy Beaver
16%
What does Waddles eat to make him talk? Jelly
3%
What does 3-part harmony do to zombies? Splits their skulls
3%
No matching quizzes found
Score Distribution
Percent of People with Each Score
Percentile by Number Answered
Your Score History
You have not taken this quiz